00814nam a22002417a 450000500170000001000150001702000260003202000230005803500130008103700130009408200110010710000160011824501010013426000390023527000560027430000330033050000520036365000260041565000250044165000390046665000480050570000190055320130524111009.0 aENG-107252 a9781259064678c550.00 a1259064670c550.00 aEN-90785 bDBAD/PUB a005.74 aDean, Paula aPeopleSoft PeopleTools data management and upgrade handbook /cby Paula Dean [and] Jim J. Marion aNew DelhibTata McGraw Hill c2013 aP-24, Green Park Park, ExtentionbNew Delhie110095 axix, 328p.:bill.c24cm(pbk) a Includes bibliographical references and index. a PeopleSoft software. aDatabase management. a Computer software .x Development a Business enterprises x Computer networks. aMarion, Jim J.